Výroba temperované litiny Výběrová bibliografie

Bibliographic Details
Format: Book
Language:Undetermined
PhysicalDescription:68 s.
Published: Ostrava Státní vědecká knihovna 1964
Edition:1. vyd.

MARC

LEADER 00000nam a2200000 a 4500
001 vtls001465624
003 SK-MaSNL
005 20260224210323.0
008 210928s1964 xx 0 und
035 |a SNK000420929 
040 |a SNK  |b slo  |c SNK  |e AACR2 
245 1 |a Výroba temperované litiny  |b Výběrová bibliografie 
250 |a 1. vyd. 
260 |a Ostrava  |b Státní vědecká knihovna  |c 1964 
300 |a 68 s. 
958 |a OND 
999 |c 1170949  |d 1172879 
952 |t P60, <04>, [BOOK], {604}  |a SNK  |b SNK  |y VYP  |7 0  |p 17A0407039  |o snkIB 16241  |i snkKIP 9081/64  |0 0  |1 0  |4 0  |d 2003-12-22  |l 0  |r 2005-01-02 00:00:00  |w 2026-02-24